000 00593nam a2200229Ia 4500
003 OSt
005 20221007115749.0
006 a|||||r|||| 00| 0
007 ta
008 221006b |||||||| |||| 00| 0 eng d
024 _a38,072
037 _cAnnuals, Advances
040 _aLCO
_cLCO
_beng
041 _2eng
_aeng
082 _aZ2,515:(Z,91), Q7
100 _aHERRING Jonathan
_9481501
245 0 _aLandmark Cases in Medical Law
260 _c2017
300 _a350
942 _hZ2,515:(Z,91), Q7
_cREF
999 _c1207635
_d1207635